000
00413nam a2200133Ia 4500
008
100328s9999 xx 000 0 und d
082
_b
17544
100
_a
---
245
_a
मीनाकुमारी शायरी
260
_b
शिक्षा भारती
630
_a
मीनाकुमारी शायरी
730
_a
मीनाकुमारी शायरी
942
_c
BOOK
999
_c
512105
_d
512102